000 00464nam a2200181Ia 4500
003 GCL
008 140319s9999 xx 000 0 eng d
040 _aGCL /
_cGCL
082 0 4 _a750.422
_bH B
100 1 _aHILL, ADRIAN
245 1 0 _aTHE BEGINNER'S BOOK OF WATER COLOUR PAINTING /
_cHILL, ADRIAN
260 _a[S.N] :
_bBLANDFORD PRESS ،
_c1989
300 _a78 P
650 0 4 _aPAINTING
650 0 4 _aCOLOURS
650 0 4 _aWATER COLOURS
942 _2ddc
_cBK
999 _c17835
_d17835